| 000 | 00754nam a22002057a 4500 | ||
|---|---|---|---|
| 999 |
_c189735 _d189735 |
||
| 005 | 20220712112646.0 | ||
| 010 | _aUR-11645 | ||
| 020 |
_a9789391238360 _c300.00 |
||
| 035 | _aU-10200 | ||
| 037 |
_bDBAD/PUB _a- |
||
| 082 | _a808.88 | ||
| 100 | _aسر یواستو ، پی ۔ پی | ||
| 245 |
_aگرد میں اٹے ا:ي؛نے / _cپی ۔ پی ۔ سریواستو : ترتیب ۔ عالیہ _hا ر د و |
||
| 246 |
_aGard Mein Atey Aainey (literary articles) / _bby P.P. Srivastava : ed. by Aliya |
||
| 260 |
_aNew Delhi _bEducational Publishing House _c2021 ء |
||
| 270 |
_aH.o. D1/16, Ansari Road, Daryaganj _bNew Delhi _e110002 |
||
| 300 |
_a191 ص _c22cm(Hb) |
||
| 700 | _aعالیہ | ||
| 942 |
_2ddc _cUR _h808.88 _mس ر ی |
||